000
00288nam a2200145Ia 4500
100
_a
Beiser/Arthur
250
_a
5
942
_c
BK
654
_a
Physics.
245
_a
Modern Physics.
260
_b
Tata Mc Graw hill
_a
NONE
_c
1995
300
_a
534
546
_a
ENGLISH
999
_c
24473
_d
24473